Lý thuyết biến dạng dẻo

Nội dung quyển sách giới thiệu vấn đề chung nhất, phân tích những cơ sở lý thuyết của mối tương quan giửa thành phần cấu trúc và tính chất với các giải pháp công nghệ thích hợp đẻ đạt được những chỉ tiêu tính chất yêu cầu của từn...

Cijeli opis

Spremljeno u:
Bibliografski detalji
Glavni autor: Hà, Minh Hùng
Format: Knjiga
Jezik:Undetermined
Izdano: Hà Nội Khoa học và Kỹ thuật 2005
Teme:
Oznake: Dodaj oznaku
Bez oznaka, Budi prvi tko označuje ovaj zapis!
Thư viện lưu trữ: Trung tâm Học liệu Trường Đại học Cần Thơ
LEADER 01017nam a2200205Ia 4500
001 CTU_161937
008 210402s9999 xx 000 0 und d
020 |c 31000 
082 |a 671.3 
082 |b H513 
100 |a Hà, Minh Hùng 
245 0 |a Lý thuyết biến dạng dẻo 
245 0 |c Hà Minh Hùng, Đinh Bá Trụ 
260 |a Hà Nội 
260 |b Khoa học và Kỹ thuật 
260 |c 2005 
520 |a Nội dung quyển sách giới thiệu vấn đề chung nhất, phân tích những cơ sở lý thuyết của mối tương quan giửa thành phần cấu trúc và tính chất với các giải pháp công nghệ thích hợp đẻ đạt được những chỉ tiêu tính chất yêu cầu của từng loại vật liệu xây dựng. 
650 |a Deformations (Mechanics),Biến dạng (Cơ học) 
904 |i Thoa, Hải 
980 |a Trung tâm Học liệu Trường Đại học Cần Thơ